Formuła 1 - Kierowcy 2025 - Statystyki

Ogólne statystyki
  • Ten quiz został rozwiązany 1 241 razy
    840 od ostatniego zresetowania
  • Średni wynik to 18 z 20
Statystyki odpowiedzi
Hint Odpowiedź % Poprawnych
McLaren Lando Norris
99%
Ferrari Lewis Hamilton
99%
Ferrari Charles Leclerc
98%
RedBull Max Verstappen
98%
McLaren Oscar Piastri
98%
Racing Bulls Yuki Tsunoda
95%
Aston Martin Fernando Alonso
94%
Mercedes Kimi Antonelli
93%
Mercedes George Russell
91%
Williams Carlos Sainz
89%
Sauber Nico Hulkenberg
87%
Aston Martin Lance Stroll
86%
Alpine Pierre Gasly
85%
Haas Esteban Ocon
82%
Redbull Liam Lawson
82%
Racing Bulls Isack Hadjar
80%
Haas Oliver Bearman
80%
Williams Alex Albon
79%
Sauber Gabriel Bortoleto
79%
Alpine Franco Colapinto
59%
Nie znaleziono quizów pasujących do podanych kryteriów
Rozkład punktacji
Procent ludzi z każdym wynikiem
Percentyl według liczby udzielonych odpowiedzi
Twoja historia wyników
Nie rozwiązałeś tego quizu od ostatniego zresetowania